Živý svet a filozofia

Poznanie živej časti univerza hlboko zaostáva za poznaním neživej časti univerza. Výskum poznania ekonomických javov. Prijatie poznatkov autoorganiky odbornou verejnosťou. Formulovanie autoorganickej teórie. Filozofia a ekonómia. Filozofia a autoorganika.

Guardado en:
Detalles Bibliográficos
Autor principal: Zapletal, Jaroslav
Formato: Capítulo de libro
Lenguaje:eslovaco
Materias:
Etiquetas: Agregar Etiqueta
Sin Etiquetas, Sea el primero en etiquetar este registro!

MARC

LEADER 00000naa a2200000 4500
001 r032391
005 20230925101903.6
041 0 |a slo 
044 |a SK 
245 1 0 |a Živý svet a filozofia  |c Jaroslav Zapletal 
520 |a Poznanie živej časti univerza hlboko zaostáva za poznaním neživej časti univerza. Výskum poznania ekonomických javov. Prijatie poznatkov autoorganiky odbornou verejnosťou. Formulovanie autoorganickej teórie. Filozofia a ekonómia. Filozofia a autoorganika. 
610 2 0 |a filozofia 
610 2 0 |a zdroje prírodné 
610 2 0 |a spoločnosť 
610 2 0 |a javy ekonomické 
610 2 0 |a podnik 
610 2 0 |a ekonómia 
100 1 |a Zapletal, Jaroslav